000 00365nam a2200145Ia 4500
008 210719s1964 xx 000 0 und d
041 _aeng
082 _a320.57 DOCA
100 _aDOCTOR (Adi H)
245 _aAnarchist thought in india.
260 _aBombay
_bAsia Publishing House
_c1964
300 _a119
_bHB
365 _b8
_cRs
650 _aPolitical Thought
999 _c212720
_d212720